Pocket guide to musculoskeletal assessment / (Record no. 7108)
[ view plain ]
| 000 -LEADER | |
|---|---|
| fixed length control field | 00721aam a2200217 4500 |
| 001 - CONTROL NUMBER | |
| control field | 8238 |
| 003 - CONTROL NUMBER IDENTIFIER | |
| control field | OCoLC |
| 005 - DATE AND TIME OF LATEST TRANSACTION | |
| control field | 20181127185433.0 |
| 008 - FIXED-LENGTH DATA ELEMENTS--GENERAL INFORMATION | |
| fixed length control field | 040202s2003 enka 001 0 eng |
| 020 ## - INTERNATIONAL STANDARD BOOK NUMBER | |
| International Standard Book Number | 0721697798 (spiral) |
| 082 04 - DEWEY DECIMAL CLASSIFICATION NUMBER | |
| Classification number | 616.7075 |
| Edition number | 22 |
| 100 1# - MAIN ENTRY--PERSONAL NAME | |
| Personal name | Baxter, Richard E. |
| 245 10 - TITLE STATEMENT | |
| Title | Pocket guide to musculoskeletal assessment / |
| Statement of responsibility, etc. | Richard E. Baxter. |
| 250 ## - EDITION STATEMENT | |
| Edition statement | 2nd ed. |
| 260 ## - PUBLICATION, DISTRIBUTION, ETC. | |
| Place of publication, distribution, etc. | St. Louis ; |
| -- | [Great Britain] : |
| Name of publisher, distributor, etc. | W.B. Saunders, |
| Date of publication, distribution, etc. | 2003. |
| 300 ## - PHYSICAL DESCRIPTION | |
| Extent | xii, 274 p. : |
| Other physical details | ill. ; |
| Dimensions | 20 cm. |
| 500 ## - GENERAL NOTE | |
| General note | Previous ed.: 1998. |
| 504 ## - BIBLIOGRAPHY, ETC. NOTE | |
| Bibliography, etc. note | Includes bibliographical references and index. |
| 650 #0 - SUBJECT ADDED ENTRY--TOPICAL TERM | |
| Topical term or geographic name entry element | Musculoskeletal system |
| General subdivision | Diseases |
| -- | Diagnosis |
| Form subdivision | Handbooks, manuals, etc. |
| Withdrawn status | Lost status | Source of classification or shelving scheme | Damaged status | Not for loan | Collection code | Home library | Current library | Shelving location | Serial Enumeration / chronology | Inventory number | Total Checkouts | Full call number | Barcode | Date last seen | Price effective from | Koha item type | Date acquired |
|---|---|---|---|---|---|---|---|---|---|---|---|---|---|---|---|---|---|
| Dewey Decimal Classification | Main TEST | RTC Library | RTC Library | Main opac | 12409 | 616.7 BAX | 30012481 | 27/11/2018 | 27/11/2018 | Main | |||||||
| Dewey Decimal Classification | Desk | RTC Library | RTC Library | Desk | 616.7 BAX | 30010011 | 10/05/2019 | 10/05/2019 | Desk (DVD/CD) | 10/05/2019 |